| 000 | 00522cam a2200169 i 4500 | ||
|---|---|---|---|
| 005 | 20260616110322.0 | ||
| 020 | _a9781637745076 | ||
| 041 | _aENG | ||
| 082 | 0 | 0 |
_a658.4092 _bTEN |
| 100 | 1 |
_aTenney, Matt _dTEN |
|
| 245 | 1 | 0 |
_aInspire greatness : _bhow to motivate employees with a simple, repeatable, scalable process / _cMatt Tenney. |
| 260 |
_aDallas ; _bMatt Holt Books , _c2024. |
||
| 300 |
_a242 pages ; _c24 cm |
||
| 504 | _aIncludes bibliographical references and index. | ||
| 650 | 0 | _aLeadership. | |
| 942 |
_2ddc _cBK |
||
| 999 |
_c24364 _d24364 |
||